000 00262nam a2200109Ia 4500
008 230907s9999||||xx |||||||||||||| ||und||
082 _a158.1
_bDIS
245 0 _aYou are the placebo :
260 _aHay House,
_bNew York :
_c2014
300 _a345 p.
942 _cBK
999 _c601175
_d601175